INFORME FINAL DEL EJERCICIO PROFESIONAL SUPERVISADO, REALIZADO EN EL CASERÍO PANISTÉ Y MUNICIPALIDAD DE SAN CRISTÓBAL VERAPAZ, ALTA VERAPAZ/ (Registro nro. 1897)

Detalles MARC
000 -LEADER
campo de control de longitud fija 03345nam a22003377a 4500
001 - NÚMERO DE CONTROL
campo de control TIGAL 0082
003 - IDENTIFICADOR DE NÚMERO DE CONTROL
campo de control gtcocun
005 - FECHA Y HORA DE LA ÚLTIMA TRANSACCIÓN
campo de control 20250917183004.0
006 - CÓDIGOS DE INFORMACIÓN DE LONGITUD FIJA--CARACTERÍSTICAS DEL MATERIAL ADICIONAL
campo de control de longitud fija a||||gr|||| 00| 0
007 - CAMPO FIJO DE DESCRIPCIÓN FÍSICA--INFORMACIÓN GENERAL
campo de control de longitud fija ta
008 - DATOS DE LONGITUD FIJA--INFORMACIÓN GENERAL
campo de control de longitud fija 250917b2024 gt ||||| m||| 00| 0 eng d
040 ## - FUENTE DE CATALOGACIÓN
Centro catalogador/agencia de origen gtcocun
Lengua de catalogación SPA
Centro/agencia transcriptor gtcocun
Normas de descripción RDA
041 ## - CÓDIGO DE IDIOMA
Código de lengua del texto/banda sonora o título independiente SPA TIGAL 0082
084 ## - OTRO NÚMERO DE CLASIFICACIÓN
Número de control del registro de autoridad o número normalizado TIGAL 0082
100 ## - ENTRADA PRINCIPAL--NOMBRE DE PERSONA
Nombre de persona Galindo Veliz, Kimberly Adriana
Término indicativo de función/relación Autor
245 ## - MENCIÓN DEL TÍTULO
Título INFORME FINAL DEL EJERCICIO PROFESIONAL SUPERVISADO, REALIZADO EN EL CASERÍO PANISTÉ Y MUNICIPALIDAD DE SAN CRISTÓBAL VERAPAZ, ALTA VERAPAZ/
Mención de responsabilidad, etc. Kimberly Adriana Galindo Veliz.
Medio Impreso
264 ## - PRODUCCIÓN, PUBLICACIÓN, DISTRIBUCIÓN, FABRICACIÓN Y COPYRIGHT
Producción, publicación, distribución, fabricación y copyright Cobán, Alta Verapaz:
Nombre del de productor, editor, distribuidor, fabricante Universidad de San Carlos de Guatemala, Centro Universitario del Norte, Carrera de Ingeniería en Gestión Ambiental Local
Fecha de producción, publicación, distribución, fabricación o copyright 2024
300 ## - DESCRIPCIÓN FÍSICA
Extensión 123 p.:
Otras características físicas Ilustraciones, gráficas.
Dimensiones 28 cm;
300 ## - DESCRIPCIÓN FÍSICA
Dimensiones PDF
336 ## - TIPO DE CONTENIDO
Fuente rdacontenido
Término de tipo de contenido Texto
Código de tipo de contenido txt
337 ## - TIPO DE MEDIO
Fuente rdamedio
Nombre/término del tipo de medio Computadora
Código del tipo de medio n
338 ## - TIPO DE SOPORTE
Fuente rdasoporte
Nombre/término del tipo de soporte Código en línea
Código del tipo de soporte cr
502 ## - NOTA DE TESIS
identificador de la tesis TIGAL 0082
502 ## - NOTA DE TESIS
Nota de tesis Tesis de grado
Tipo de título Carrera de Ingeniería en Gestión Ambiental Local,
Nombre de la institución que otorga el título Universidad de San Carlos de Guatemala, Centro Universitario del Norte, Carrera de Ingeniería en Gestión Ambiental Local
Año de obtención del título 2024
Identificador de la tesis TIGAL 0082
520 14 - RESUMEN, ETC.
Sumario, etc. El Ejercicio Profesional Supervisado tiene como objetivo principal llevar a la<br/>práctica los conocimientos teóricos adquiridos durante la formación académica, por medio<br/>de una inserción comunitaria. Es así, que el EPS fue realizado en el caserío Panisté del<br/>municipio de San Cristóbal Verapaz, Alta Verapaz. Donde se realizaron actividades de<br/>extensión rural que brindaron espacios para abordar problemas ambientales,<br/>específicamente en relación a la inadecuada gestión de los residuos y desechos sólidos.<br/>En primera instancia se realizó un diagnóstico comunitario, que fue base para<br/>establecer una jerarquización de problemas que permitiera buscar alternativas para abordar<br/>las problemáticas identificadas. A su vez, permitió establecer relaciones con los habitantes,<br/>principalmente grupo de mujeres y población infantil presente en la escuela de la<br/>comunidad.<br/>Las actividades desarrolladas en el caserío Panisté, estuvieron enfocadas en temas<br/>de educación ambiental, gestión integral de residuos y desechos sólidos, elaboración de<br/>huertos verticales, recuperación de cobertura forestal, entre otras. A su vez, se apoyó a la<br/>unidad de práctica institucional con talleres de capacitación, elaboración de guías y apoyo<br/>técnico al vivero municipal.<br/>La etapa de investigación se realizó en la cabecera municipal de San Cristóbal<br/>Verapaz, Alta Verapaz, enfocada a evaluar el manejo de los residuos y desechos<br/>domiciliares que realizan las viviendas estudiadas y, cómo estas influyen en la producción<br/>y composición física de los residuos que se generan.
650 14 - PUNTO DE ACCESO ADICIONAL DE MATERIA--TÉRMINO DE MATERIA
Fuente del encabezamiento o término LEMB
Término de materia o nombre geográfico como elemento de entrada San Cristóbal Verapaz, Alta Verapaz
Subdivisión general Ingeniería en Gestión Ambiental Local
-- Problemas ambientales
-- Desechos sólidos
-- Diagnóstico
-- Educación ambiental
-- Talleres de capacitación
700 ## - ENTRADA AGREGADA--NOMBRE PERSONAL
Nombre de persona Ing. Agr. M.A. Marcos Rafael Flores Delgado
Término indicativo de función/relación Asesor
856 ## - LOCALIZACIÓN Y ACCESO ELECTRÓNICOS
Identificador Uniforme de Recurso <a href="https://drive.google.com/file/d/1vwy9HUVm7nnu4I7TLdWqwtd1V7wn5eR-/view">https://drive.google.com/file/d/1vwy9HUVm7nnu4I7TLdWqwtd1V7wn5eR-/view</a>
Texto de enlace PDF
Nota pública Un ejemplar en línea.
942 ## - ELEMENTOS DE ENTRADA SECUNDARIOS (KOHA)
Fuente de la clasificación o esquema de estantería Clasificación Decimal Dewey
Tipo de ítem Koha TESIS
Parte de la signatura que identifica el ejemplar (Parte del ítem) TIGAL 0082
Prefijo de la signatura Clasificación
Suprimir en OPAC No
-- TIGAL_0082_000000000000000
Existencias
Estatus retirado Estado de pérdida Fuente de la clasificación o esquema de estantería Estado de daño No para préstamo Colección Biblioteca de origen Biblioteca actual Ubicación en estantería Fecha de adquisición Número de inventario Total de préstamos Signatura topográfica completa Código de barras Visto por última vez Precio de reemplazo Tipo de ítem Koha
    Clasificación Decimal Dewey     tesis BIBLIOTECA- CUNOR -JOSÉ LUIS GONZALES ROSALES BIBLIOTECA- CUNOR -JOSÉ LUIS GONZALES ROSALES Colección tesis 17/09/2025 TIGAL 0082   TIGAL 0082 TIGAL 0082 17/09/2025 17/09/2025 TESIS